Name these People - Weekly #1 - Statistics

General Stats
  • This quiz has been taken 87 times
  • The average score is 8 of 20
Answer Stats
Picture Hint Answer % Correct
American
Golfer
Tiger Woods
86%
American
Tennis Player
Venus Williams
82%
Indian
Prime Minister
Indira Gandhi
71%
American
Gymnast
Simone Biles
71%
English
Singer
George Michael
63%
American
Novelist
Ernest Hemingway
55%
Norwegian
Footballer
Erling Haaland
52%
American
Comedienne
Joan Rivers
49%
American
Housewife
Lois Griffin
48%
German
Chancellor
Olaf Scholz
32%
English
Actor
Colin Firth
30%
English
Mathematician
Ada Lovelace
27%
Malian
King
Mansa Musa
27%
American
Politician
Nikki Haley
25%
Chilean
President
Salvador Allende
22%
American
Actress
Debbie Reynolds
21%
Welsh
Comedian
Greg Davies
19%
Welsh
Singer
Marina Diamandis
10%
American
Businessman
Bob Iger
5%
American
Internet Personality
Hannah Hart
5%
No matching quizzes found
Score Distribution
Percent of People with Each Score
Percentile by Number Answered
Your Score History
You have not taken this quiz